000 00367nam a2200157Ia 4500
003 Ost
005 20260225132540.0
008 260225s9999||||xx |||||||||||||| ||und||
040 _cfsic
041 _afre
082 _a70.4
100 _aJaques adda
_eAuteur
245 0 _aLa mondialisation de l'économie 2-probléme /
245 0 _cJaques adda
942 _cكتاب
999 _c33472
_d33472